Porovnanie obchodných stratégií založených na technickej analýze, fundamentálnej analýze a ich kombinácií na vybranom akciovom indexe diplomová práca

Enregistré dans:
Détails bibliographiques
Auteur principal: Lajčin, Jozef
Collectivité auteur: Národohospodárska fakulta EU. Katedra bankovníctva a medzinárodných financií
Autres auteurs: Árendáš, Peter, 1986-
Format: Livre
Langue:slovaque
Publié: Bratislava 2025
Tags: Ajouter un tag
Pas de tags, Soyez le premier à ajouter un tag!

MARC

LEADER 00000nbm a2200000 4500
001 0309372
005 20260109111841.7
041 0 |a slo 
044 |a SK 
245 1 0 |a Porovnanie obchodných stratégií založených na technickej analýze, fundamentálnej analýze a ich kombinácií na vybranom akciovom indexe  |b diplomová práca  |c Jozef Lajčin ; školiteľ: Peter Árendáš 
264 1 |a Bratislava  |c 2025 
300 |a 87 s. 
100 1 |a Lajčin, Jozef 
700 1 |a Árendáš, Peter, 1986- 
710 2 |a Národohospodárska fakulta EU. Katedra bankovníctva a medzinárodných financií